NDU-K Library Catalogue

Girl in a jacket 

African friends and money matters : (Record no. 25)

MARC details
000 -LEADER
fixed length control field 01168cam a2200349 i 4500
001 - CONTROL NUMBER
control field 18731126
003 - CONTROL NUMBER IDENTIFIER
control field OSt
005 - DATE AND TIME OF LATEST TRANSACTION
control field 20260427091814.0
008 - FIXED-LENGTH DATA ELEMENTS--GENERAL INFORMATION
fixed length control field 150805s2015 txua b 001 0 eng
010 ## - LIBRARY OF CONGRESS CONTROL NUMBER
LC control number 2015948502
020 ## - INTERNATIONAL STANDARD BOOK NUMBER
International Standard Book Number 9781556712777
035 ## - SYSTEM CONTROL NUMBER
System control number 18731126
040 ## - CATALOGING SOURCE
Original cataloging agency DLC
Language of cataloging eng
Description conventions rda
Transcribing agency DLC
042 ## - AUTHENTICATION CODE
Authentication code pcc
043 ## - GEOGRAPHIC AREA CODE
Geographic area code f------
-- fb-----
050 00 - LIBRARY OF CONGRESS CALL NUMBER
Classification number HG1325
Item number .M37 2015
100 1# - MAIN ENTRY--PERSONAL NAME
Personal name Maranz, David E.,
Relator term author.
245 10 - TITLE STATEMENT
Title African friends and money matters :
Remainder of title observations from Africa /
Statement of responsibility, etc. David E. Maranz.
250 ## - EDITION STATEMENT
Edition statement Second edition.
264 #1 - PRODUCTION, PUBLICATION, DISTRIBUTION, MANUFACTURE, AND COPYRIGHT NOTICE
Place of production, publication, distribution, manufacture Dallas, Texas :
Name of producer, publisher, distributor, manufacturer SIL International,
Date of production, publication, distribution, manufacture, or copyright notice [2015]
300 ## - PHYSICAL DESCRIPTION
Extent xv, 293 pages :
Other physical details illustrations ;
Dimensions 23 cm.
336 ## - CONTENT TYPE
Content type term text
Content type code txt
Source rdacontent
337 ## - MEDIA TYPE
Media type term unmediated
Media type code n
Source rdamedia
338 ## - CARRIER TYPE
Carrier type term volume
Carrier type code nc
Source rdacarrier
490 0# - SERIES STATEMENT
Series statement SIL International publications in etnography ;
Volume/sequential designation 43
504 ## - BIBLIOGRAPHY, ETC. NOTE
Bibliography, etc. note Includes bibliographical references (pages 269-275) and index.
650 #0 - SUBJECT ADDED ENTRY--TOPICAL TERM
Topical term or geographic name entry element Money
Geographic subdivision Africa, Sub-Saharan.
650 #0 - SUBJECT ADDED ENTRY--TOPICAL TERM
Topical term or geographic name entry element Finance
Geographic subdivision Africa, Sub-Saharan.
906 ## - LOCAL DATA ELEMENT F, LDF (RLIN)
a 7
b cbc
c origres
d 2
e ncip
f 20
g y-gencatlg
942 ## - ADDED ENTRY ELEMENTS (KOHA)
Source of classification or shelving scheme Library of Congress Classification
Koha item type Normal Collection
Holdings
Withdrawn status Lost status Source of classification or shelving scheme Damaged status Not for loan Home library Current library Date acquired Inventory number Total Checkouts Full call number Barcode Date last seen Price effective from Koha item type
    Library of Congress Classification     International Peace Support Training Centre (IPSTC) International Peace Support Training Centre (IPSTC) 27/04/2026 3082/2022   HM48 .B87 1984 200130822022 27/04/2026 27/04/2026 Normal Collection
    Library of Congress Classification     International Peace Support Training Centre (IPSTC) International Peace Support Training Centre (IPSTC) 27/04/2026 3081/2022   HM48 .B87 1984 200130812022 27/04/2026 27/04/2026 Normal Collection
    Library of Congress Classification     International Peace Support Training Centre (IPSTC) International Peace Support Training Centre (IPSTC) 27/04/2026 3002/2021   HJ8826 .N36 2011 200130022021 27/04/2026 27/04/2026 Normal Collection
    Library of Congress Classification     International Peace Support Training Centre (IPSTC) International Peace Support Training Centre (IPSTC) 27/04/2026 2933/2021   HJ8826 .N36 2011 200129332021 27/04/2026 27/04/2026 Normal Collection
Copyright © 2026 [National Defence University - Kenya]. All rights reserved.